[Event "19MCR_F"]
[Site "?"]
[Date "2007.??.??"]
[Round "?"]
[White "Boukal, Petr"]
[Black "Hladecek, Miloslav"]
[Result "1-0"]
[WhiteElo "2412"]
[BlackElo "2342"]
[PlyCount "141"]
[EventDate "2007.??.??"]
[EventType "corr"]
[EventRounds "1"]
[SourceDate "2007.03.26"]

1. e4 e5 2. Nf3 Nc6 3. Bb5 Nf6 4. O-O Be7 5. Re1 d6 6. c3 O-O 7. h3 a6 8. Ba4
Be6 9. d4 exd4 10. cxd4 d5 11. e5 Ne4 12. Nc3 Bf5 13. Bc2 Nxc3 14. bxc3 Bxc2
15. Qxc2 Na5 16. Bf4 Qd7 17. Nd2 Rae8 18. Re2 b5 19. a4 b4 20. cxb4 Bxb4 21.
Rb1 Rb8 22. Nf3 Nc4 23. Ng5 g6 24. e6 fxe6 25. Nxe6 Na3 26. Nxf8 Rxf8 27. Qd3
Nxb1 28. Qxb1 a5 29. Bh6 Rb8 30. Qb3 c6 31. Qe3 Bd6 32. g4 Bb4 33. Kg2 Rc8 34.
Qd3 Rb8 35. Bf4 Rb6 36. Rb2 Qf7 37. Be5 Qb7 38. Qe3 Qc8 39. Qg5 Qf8 40. Rc2 Qe7
41. Qe3 Qe8 42. Re2 Qf7 43. f4 Bf8 44. Qc3 Qe7 45. Qxa5 Rb3 46. Qe1 Ra3 47. f5
gxf5 48. gxf5 Qg5+ 49. Kh2 Qxf5 50. Bg3 Rf3 51. Rg2 h5 52. a5 Kh7 53. Rf2 Bg7
54. a6 Bxd4 55. Qe7+ Kg6 56. Qd6+ Kh7 57. Qc7+ Kg6 58. Qxc6+ Kf7 59. Qc7+ Ke8
60. Re2+ Re3 61. Rxe3+ Bxe3 62. a7 Bxa7 63. Qxa7 Qe4 64. Qf2 Qg6 65. Qe3+ Kf7
66. Qa7+ Kg8 67. Qa8+ Kh7 68. Qb7+ Kh8 69. Be5+ Kg8 70. Qxd5+ Kh7 71. Qb7+ 1-0

[Event "19MCR_F"]
[Site "?"]
[Date "2007.??.??"]
[Round "?"]
[White "Boukal, Petr"]
[Black "Hybl, Vladislav"]
[Result "1-0"]
[WhiteElo "2412"]
[BlackElo "2303"]
[PlyCount "71"]
[EventDate "2007.??.??"]
[EventType "corr"]
[EventRounds "1"]
[SourceDate "2007.03.26"]

1. e4 e6 2. d4 d5 3. Nc3 Nf6 4. e5 Nfd7 5. f4 c5 6. Nf3 Nc6 7. Be3 cxd4 8. Nxd4
Bc5 9. Qd2 O-O 10. O-O-O a6 11. Nb3 Bb4 12. Bd3 f6 13. exf6 Qxf6 14. Rhf1 b5
15. g4 Bb7 16. Kb1 Bxc3 17. bxc3 Qe7 18. Rf3 d4 19. cxd4 Nb4 20. Rh3 Nxd3 21.
Qxd3 g6 22. Re1 Bd5 23. Bd2 Qa3 24. Rg3 Bc4 25. Qe3 a5 26. h4 a4 27. Bc1 Qd6
28. Nc5 Nxc5 29. dxc5 Qd5 30. h5 Bxa2+ 31. Ka1 Qc4 32. Re2 Rad8 33. hxg6 hxg6
34. f5 Rd1 35. Rh2 Kf7 36. fxg6+ 1-0

[Event "19MCR_F"]
[Site "?"]
[Date "2007.??.??"]
[Round "?"]
[White "Boukal, Petr"]
[Black "Laurenc, Petr"]
[Result "1-0"]
[WhiteElo "2412"]
[BlackElo "2484"]
[PlyCount "97"]
[EventDate "2007.??.??"]
[EventType "corr"]
[EventRounds "1"]
[SourceDate "2007.03.26"]

1. e4 c5 2. Nf3 d6 3. c3 Nf6 4. Be2 Nc6 5. d3 g6 6. Na3 Bg7 7. O-O O-O 8. h3 d5
9. e5 Ne8 10. d4 cxd4 11. cxd4 f6 12. exf6 Nxf6 13. Nb5 Bf5 14. Nc3 Rc8 15. Be3
a6 16. Ne5 Qd6 17. f4 Ne4 18. Nxe4 Bxe4 19. Bg4 Rce8 20. h4 e6 21. Rc1 Ne7 22.
Qb3 Nf5 23. Bxf5 exf5 24. Bd2 Qb8 25. Qb6 Rf6 26. Qc7 Qxc7 27. Rxc7 Rb6 28. b3
Bf6 29. Rfc1 Bxh4 30. Ba5 Rbe6 31. Rxb7 R6e7 32. Nd7 Bd3 33. Bb4 Rf7 34. Rcc7
Bb5 35. Nf6+ Bxf6 36. Rxf7 Bxd4+ 37. Kh2 h6 38. Bd6 Bc6 39. Rbc7 a5 40. Rf8+
Rxf8 41. Bxf8 Bb5 42. Bxh6 Bd3 43. Kg3 Bb5 44. a4 Bd3 45. Kh4 Bf6+ 46. Bg5 Bg7
47. Bd8 Kf8 48. Be7+ Ke8 49. Kg5 1-0

[Event "19MCR_F"]
[Site "?"]
[Date "2007.??.??"]
[Round "?"]
[White "Boukal, Petr"]
[Black "Leiner, Raimund"]
[Result "1/2-1/2"]
[WhiteElo "2412"]
[BlackElo "2316"]
[PlyCount "64"]
[EventDate "2007.??.??"]
[EventType "corr"]
[EventRounds "1"]
[SourceDate "2007.03.26"]

1. e4 c5 2. Nf3 d6 3. c3 Nf6 4. Be2 Nc6 5. d4 cxd4 6. cxd4 e6 7. Nc3 d5 8. e5
Ne4 9. O-O Be7 10. Bd3 Nxc3 11. bxc3 Bd7 12. Rb1 Na5 13. Nd2 Rc8 14. Qg4 Kf8
15. Nb3 Nc4 16. f4 h5 17. Qh3 g6 18. Nc5 Bxc5 19. Bxc4 dxc4 20. dxc5 Bc6 21.
Be3 Qd3 22. Rbd1 Qe2 23. Bf2 h4 24. a3 Rh5 25. Rfe1 Qa2 26. Rd4 Kg7 27. f5 Rxf5
28. Bxh4 g5 29. Rg4 Qd2 30. Qg3 Kg6 31. Re3 Qd1+ 32. Re1 Qd2 1/2-1/2

[Event "19MCR_F"]
[Site "?"]
[Date "2007.??.??"]
[Round "?"]
[White "Boukal, Petr"]
[Black "Pytlik, Lesek"]
[Result "1/2-1/2"]
[WhiteElo "2412"]
[BlackElo "2382"]
[PlyCount "61"]
[EventDate "2007.??.??"]
[EventType "corr"]
[EventRounds "1"]
[SourceDate "2007.03.26"]

1. e4 e6 2. d4 d5 3. Nc3 Bb4 4. e5 c5 5. a3 Bxc3+ 6. bxc3 Ne7 7. Qg4 O-O 8. Bd3
Nbc6 9. Qh5 Ng6 10. Nf3 Qc7 11. Be3 c4 12. Bxg6 fxg6 13. Qg4 Qf7 14. Ng5 Qe8
15. h4 Ne7 16. Qe2 h6 17. Nh3 Bd7 18. h5 gxh5 19. Nf4 g6 20. g4 h4 21. Qd2 g5
22. Nh5 Qg6 23. O-O-O Nf5 24. gxf5 Qxh5 25. f6 Kf7 26. Rdg1 Rg8 27. Qd1 Qxd1+
28. Kxd1 Rg6 29. f4 Rag8 30. fxg5 hxg5 31. Rg4 1/2-1/2

[Event "19MCR_F"]
[Site "?"]
[Date "2007.??.??"]
[Round "?"]
[White "Boukal, Petr"]
[Black "Storkan, Zdenek"]
[Result "1/2-1/2"]
[WhiteElo "2412"]
[BlackElo "2298"]
[PlyCount "42"]
[EventDate "2007.??.??"]
[EventType "corr"]
[EventRounds "1"]
[SourceDate "2007.03.26"]

1. e4 c5 2. Nc3 d6 3. g3 Nf6 4. Bg2 g6 5. d3 Bg7 6. Be3 Nc6 7. h3 Be6 8. f4 O-O
9. Bf2 Qa5 10. Nf3 d5 11. O-O dxe4 12. dxe4 Rfd8 13. Qc1 Rac8 14. Rd1 h6 15.
Nd2 Qc7 16. Bxc5 Nh5 17. Nf1 Nd4 18. Bxd4 Rxd4 19. Re1 g5 20. fxg5 Rc4 21. e5
Bxe5 1/2-1/2

[Event "19MCR_F"]
[Site "?"]
[Date "2007.??.??"]
[Round "?"]
[White "Boukal, Petr"]
[Black "Sykora, Josef"]
[Result "1/2-1/2"]
[WhiteElo "2412"]
[BlackElo "2365"]
[PlyCount "40"]
[EventDate "2007.??.??"]
[EventType "corr"]
[EventRounds "1"]
[SourceDate "2007.03.26"]

1. e4 c5 2. Nf3 d6 3. Bb5+ Bd7 4. a4 Nf6 5. Nc3 g6 6. O-O Bg7 7. e5 dxe5 8.
Nxe5 O-O 9. Qf3 Qc7 10. Re1 e6 11. d3 a6 12. Bxd7 Nbxd7 13. Bf4 Nxe5 14. Bxe5
Qe7 15. a5 Rad8 16. Ra4 Rfe8 17. Rc4 Nd5 18. h3 Nxc3 19. Rxc3 Rc8 20. Rc4 Red8
1/2-1/2

[Event "19MCR_F"]
[Site "?"]
[Date "2007.??.??"]
[Round "?"]
[White "Boukal, Petr"]
[Black "Valak, Alois"]
[Result "1-0"]
[WhiteElo "2412"]
[BlackElo "2353"]
[PlyCount "75"]
[EventDate "2007.??.??"]
[EventType "corr"]
[EventRounds "1"]
[SourceDate "2007.03.26"]

1. e4 c5 2. Nf3 e6 3. c3 d5 4. exd5 Qxd5 5. d4 Nf6 6. Be3 Be7 7. dxc5 Qxd1+ 8.
Kxd1 O-O 9. Nbd2 Ng4 10. Ne4 Nd7 11. b4 a5 12. Kc2 axb4 13. cxb4 Nxe3+ 14. fxe3
Nf6 15. Nxf6+ Bxf6 16. Nd4 Ra3 17. Nb5 Ra8 18. Bc4 Bxa1 19. Rxa1 Bd7 20. a4
Rfc8 21. a5 Bxb5 22. Bxb5 Kf8 23. Kb3 Ke7 24. Be2 f5 25. Bf3 Rc7 26. Kc4 Rac8
27. Kb5 e5 28. Bd5 Rd7 29. e4 fxe4 30. Bxe4 g6 31. Re1 Ra8 32. Bf3 Kf6 33. c6
bxc6+ 34. Bxc6 Rb8+ 35. Kc5 Rc8 36. b5 Rd2 37. Kb6 Ra2 38. a6 1-0

[Event "19MCR_F"]
[Site "?"]
[Date "2007.??.??"]
[Round "?"]
[White "Brousek, Jiri"]
[Black "Boukal, Petr"]
[Result "0-1"]
[WhiteElo "2300"]
[BlackElo "2412"]
[PlyCount "102"]
[EventDate "2007.??.??"]
[EventType "corr"]
[EventRounds "1"]
[SourceDate "2007.03.26"]

1. e4 d6 2. d4 g6 3. Nc3 Bg7 4. Nf3 c6 5. a4 Nf6 6. Be2 O-O 7. O-O Nbd7 8. Bf4
Re8 9. Qd2 Qc7 10. e5 Nh5 11. e6 fxe6 12. Bh6 Ndf6 13. Rfe1 Rf8 14. Bxg7 Nxg7
15. Qg5 Bd7 16. Bd3 a5 17. Qh6 Rae8 18. Bxg6 Nf5 19. Bxf5 exf5 20. Rad1 e6 21.
Ng5 Bc8 22. Nb1 Ng4 23. Qh4 Rf6 24. Nd2 Rh6 25. Qg3 Rg6 26. f4 Nf6 27. Qb3 Nd5
28. g3 h6 29. Ngf3 Rg7 30. Kh1 Nf6 31. Qa3 b5 32. c3 Bb7 33. Qa2 Qf7 34. Kg2
Kh7 35. c4 bxc4 36. Qxc4 c5 37. dxc5 dxc5 38. Qc3 Reg8 39. Rc1 Ne4 40. Nxe4
fxe4 41. Ne5 Qxf4 42. Re3 Rf8 43. Nc4 Qf2+ 44. Kh1 Bd5 45. Qe1 Qf6 46. b3 Rgf7
47. Qe2 Qd4 48. Kg1 Rf5 49. Re1 Qf6 50. Nb6 Rf7 51. Qd1 Qd4 0-1

[Event "19MCR_F"]
[Site "?"]
[Date "2007.??.??"]
[Round "?"]
[White "Brousek, Jiri"]
[Black "Firla, Stanislav"]
[Result "1/2-1/2"]
[WhiteElo "2300"]
[BlackElo "2365"]
[PlyCount "123"]
[EventDate "2007.??.??"]
[EventType "corr"]
[EventRounds "1"]
[SourceDate "2007.03.26"]

1. d4 Nf6 2. Nf3 e6 3. e3 b6 4. Bd3 Bb7 5. c4 d5 6. O-O dxc4 7. Bxc4 Nbd7 8.
Nc3 a6 9. e4 b5 10. Bd3 b4 11. e5 bxc3 12. exf6 Qxf6 13. bxc3 Bxf3 14. Qxf3
Qxf3 15. gxf3 Bd6 16. Rb1 c5 17. Be3 O-O 18. Rfd1 cxd4 19. Be4 Rad8 20. Rxd4
Be5 21. Ra4 Bxc3 22. Rxa6 f5 23. Bc2 f4 24. Bc1 e5 25. Ba3 Ra8 26. Ra4 Rfc8 27.
Rb7 Rxa4 28. Bxa4 Nf6 29. Bb3+ Kh8 30. Kg2 h6 31. Be7 Ng8 32. Bd6 Rd8 33. Bc5
Nf6 34. a4 Ra8 35. Bc2 Rc8 36. Ba3 g5 37. Rf7 Rc6 38. Bf8 e4 39. Bb1 exf3+ 40.
Kxf3 Be5 41. Bxh6 g4+ 42. Ke2 f3+ 43. Kd3 Ba1 44. a5 Rc3+ 45. Kd2 Ra3 46. Rf8+
Ng8 47. Ra8 Bd4 48. Bf4 Kg7 49. Bd6 Bc3+ 50. Kc2 Rxa5 51. Rxg8+ Kxg8 52. Kxc3
Kg7 53. Kd4 Kf6 54. Ke4 Ra4+ 55. Ke3 Ra6 56. Bf4 Ra1 57. Bd3 Re1+ 58. Kd4 Ra1
59. Be3 Ra4+ 60. Bc4 Kg6 61. Bf4 Kh5 62. Bg3 1/2-1/2

[Event "19MCR_F"]
[Site "?"]
[Date "2007.??.??"]
[Round "?"]
[White "Brousek, Jiri"]
[Black "Kuta, Jiri"]
[Result "0-1"]
[WhiteElo "2300"]
[BlackElo "2330"]
[PlyCount "88"]
[EventDate "2007.??.??"]
[EventType "corr"]
[EventRounds "1"]
[SourceDate "2007.03.26"]

1. d4 Nf6 2. Nf3 d5 3. e3 c5 4. c4 e6 5. Nc3 Nc6 6. cxd5 exd5 7. Be2 a6 8. O-O
Bd6 9. dxc5 Bxc5 10. b3 O-O 11. Bb2 Qd6 12. Qc2 Ba3 13. Bxa3 Qxa3 14. Na4 Bg4
15. Qc5 Nb4 16. Qc1 Qxc1 17. Rfxc1 Rac8 18. h3 Rxc1+ 19. Rxc1 Rc8 20. Rxc8+
Bxc8 21. Nb6 Be6 22. a3 Nc2 23. a4 Kf8 24. Bd1 Nb4 25. Nd4 Ke7 26. f4 Kd6 27.
g4 Nc6 28. f5 Bd7 29. Ne2 Nb4 30. Nxd7 Nxd7 31. Nd4 Nc5 32. Kf2 Ne4+ 33. Ke2 a5
34. Bc2 Nxc2 35. Nxc2 Kc5 36. h4 h6 37. Ke1 Nf6 38. g5 hxg5 39. hxg5 Nh7 40. g6
fxg6 41. fxg6 Nf8 42. Kd2 Nxg6 43. Kc3 b6 44. Nd4 Nf8 0-1

[Event "19MCR_F"]
[Site "?"]
[Date "2007.??.??"]
[Round "?"]
[White "Brousek, Jiri"]
[Black "Laurenc, Petr"]
[Result "1/2-1/2"]
[WhiteElo "2300"]
[BlackElo "2484"]
[PlyCount "59"]
[EventDate "2007.??.??"]
[EventType "corr"]
[EventRounds "1"]
[SourceDate "2007.03.26"]

1. d4 d5 2. Nf3 Nf6 3. e3 e6 4. Bd3 c5 5. b3 Nc6 6. O-O Bd6 7. dxc5 Bxc5 8. Bb2
Bd6 9. Nbd2 O-O 10. c4 Qe7 11. a3 h6 12. b4 a6 13. Rc1 Rd8 14. Qc2 dxc4 15.
Nxc4 e5 16. Nb6 Rb8 17. Nxc8 Rbxc8 18. Qb1 a5 19. Bf5 Ra8 20. b5 Nb8 21. Qa2 a4
22. Rfd1 Nbd7 23. Nh4 Nb6 24. Bd3 Qe8 25. Be2 Bf8 26. Ng6 Bd6 27. g3 Rd7 28.
Bf1 Ne4 29. Nh4 Ng5 30. Be2 1/2-1/2

[Event "19MCR_F"]
[Site "?"]
[Date "2007.??.??"]
[Round "?"]
[White "Brousek, Jiri"]
[Black "Nejtek, Jiri"]
[Result "1/2-1/2"]
[WhiteElo "2300"]
[BlackElo "2360"]
[PlyCount "55"]
[EventDate "2007.??.??"]
[EventType "corr"]
[EventRounds "1"]
[SourceDate "2007.03.26"]

1. d4 Nf6 2. Nf3 g6 3. Nc3 d6 4. e4 Bg7 5. Be3 O-O 6. Qd2 a6 7. Bh6 b5 8. Bd3
Nc6 9. Bxg7 Kxg7 10. O-O e5 11. d5 Ne7 12. a4 b4 13. Na2 a5 14. c3 Bg4 15. cxb4
Bxf3 16. gxf3 c6 17. Rfc1 cxd5 18. bxa5 dxe4 19. fxe4 d5 20. exd5 Nexd5 21. Bf1
Rxa5 22. Rc4 e4 23. Nc3 Nxc3 24. Qxd8 Rxd8 25. Rxc3 Rb8 26. b3 Nd5 27. Rh3 Rd8
28. Rd1 1/2-1/2

[Event "19MCR_F"]
[Site "?"]
[Date "2007.??.??"]
[Round "?"]
[White "Brousek, Jiri"]
[Black "Pravec, Ladislav"]
[Result "1/2-1/2"]
[WhiteElo "2300"]
[BlackElo "2352"]
[PlyCount "45"]
[EventDate "2007.??.??"]
[EventType "corr"]
[EventRounds "1"]
[SourceDate "2007.03.26"]

1. d4 Nf6 2. Nf3 g6 3. Nc3 d5 4. Bf4 Bg7 5. e3 O-O 6. Be2 c6 7. h3 a5 8. O-O
Nbd7 9. a4 b6 10. Bd3 Bb7 11. Qe2 Re8 12. Bh2 e6 13. Rfe1 Rc8 14. e4 dxe4 15.
Nxe4 Nxe4 16. Bxe4 Nf6 17. Bd3 Qe7 18. c3 c5 19. Rad1 Bxf3 20. Qxf3 cxd4 21.
Ba6 Rcd8 22. cxd4 Nd5 23. Be5 1/2-1/2

[Event "19MCR_F"]
[Site "?"]
[Date "2007.??.??"]
[Round "?"]
[White "Brousek, Jiri"]
[Black "Storkan, Zdenek"]
[Result "1/2-1/2"]
[WhiteElo "2300"]
[BlackElo "2298"]
[PlyCount "72"]
[EventDate "2007.??.??"]
[EventType "corr"]
[EventRounds "1"]
[SourceDate "2007.03.26"]

1. d4 Nf6 2. Nf3 c5 3. d5 e6 4. Nc3 exd5 5. Nxd5 Nc6 6. e4 Be7 7. Bc4 O-O 8.
O-O d6 9. Bf4 Nxd5 10. exd5 Na5 11. Bd3 c4 12. Be2 Bf6 13. c3 Re8 14. Re1 Bf5
15. Nd4 Be4 16. Qd2 Qb6 17. Bf3 Bxf3 18. Nxf3 h6 19. h3 Qc5 20. Nh2 Be5 21.
Bxe5 dxe5 22. Rad1 Rad8 23. Ng4 e4 24. Qd4 Qxd4 25. Rxd4 f6 26. Ne3 b5 27. Red1
a6 28. Rb1 Re5 29. b3 f5 30. bxc4 Nxc4 31. Nxc4 bxc4 32. d6 Kf7 33. Rb6 Ke6 34.
Rxa6 Rd5 35. Rxd5 Kxd5 36. g3 Rxd6 1/2-1/2

[Event "19MCR_F"]
[Site "?"]
[Date "2007.??.??"]
[Round "?"]
[White "Brousek, Jiri"]
[Black "Volek, Stanislav"]
[Result "1/2-1/2"]
[WhiteElo "2300"]
[BlackElo "2305"]
[PlyCount "52"]
[EventDate "2007.??.??"]
[EventType "corr"]
[EventRounds "1"]
[SourceDate "2007.03.26"]

1. d4 e6 2. Nf3 Nf6 3. e3 c5 4. Bd3 b6 5. O-O Bb7 6. c4 cxd4 7. exd4 Be7 8. Nc3
d5 9. cxd5 Nxd5 10. Bb5+ Bc6 11. Bc4 Nxc3 12. bxc3 Nd7 13. Bf4 O-O 14. Re1 b5
15. d5 Nb6 16. dxc6 Nxc4 17. c7 Qxd1 18. Raxd1 Rfc8 19. Nd4 a6 20. Nc6 Bf6 21.
a4 e5 22. Nxe5 Bxe5 23. Bxe5 Nxe5 24. Rxe5 Rxc7 25. axb5 axb5 26. Rxb5 Rxc3
1/2-1/2

[Event "19MCR_F"]
[Site "?"]
[Date "2007.??.??"]
[Round "?"]
[White "Firla, Stanislav"]
[Black "Boukal, Petr"]
[Result "1/2-1/2"]
[WhiteElo "2365"]
[BlackElo "2412"]
[PlyCount "119"]
[EventDate "2007.??.??"]
[EventType "corr"]
[EventRounds "1"]
[SourceDate "2007.03.26"]

1. d4 Nf6 2. c4 g6 3. Nc3 Bg7 4. e4 d6 5. Nf3 O-O 6. Be2 e5 7. O-O c6 8. Re1
Na6 9. Bf1 Bg4 10. d5 Ne8 11. h3 Bd7 12. c5 Nxc5 13. b4 cxd5 14. bxc5 d4 15.
Nd5 dxc5 16. Qc2 b6 17. Bg5 f6 18. Bh4 g5 19. Bg3 Nd6 20. a4 Be6 21. a5 Rb8 22.
axb6 axb6 23. Rab1 Bf7 24. Bd3 h6 25. Qe2 Re8 26. Nd2 Nxe4 27. Qxe4 Bxd5 28.
Qh7+ Kf8 29. Rb5 Qd7 30. Reb1 Bg8 31. Qe4 Bd5 32. Qe2 Qc6 33. f3 Rb7 34. Nc4
Reb8 35. h4 Kg8 36. Bf5 Bf8 37. Qc2 Be7 38. Bh7+ Kf8 39. Bg6 Bd8 40. h5 Bc7 41.
Be1 Ra7 42. Bh7 Ra6 43. Ba5 Ke7 44. Nxb6 Bxb6 45. Qg6 Rxa5 46. Qg7+ Ke6 47.
Rxa5 d3 48. Bg8+ Kf5 49. Qg6+ Kf4 50. Kh2 Ke3 51. Re1+ Kd4 52. Bxd5 Qxd5 53.
Ra4+ c4 54. Qf5 Kc5 55. Rc1 Rd8 56. Qxf6 d2 57. Raxc4+ Qxc4 58. Rxc4+ Kxc4 59.
Qxb6 d1=Q 60. Qc7+ 1/2-1/2

[Event "19MCR_F"]
[Site "?"]
[Date "2007.??.??"]
[Round "?"]
[White "Firla, Stanislav"]
[Black "Hladecek, Miloslav"]
[Result "0-1"]
[WhiteElo "2365"]
[BlackElo "2342"]
[PlyCount "70"]
[EventDate "2007.??.??"]
[EventType "corr"]
[EventRounds "1"]
[SourceDate "2007.03.26"]

1. e4 e5 2. Nf3 Nc6 3. Bc4 Bc5 4. c3 Nf6 5. d3 d6 6. O-O O-O 7. b4 Bb6 8. a4 a6
9. Bg5 h6 10. Bh4 g5 11. Bg3 g4 12. Nh4 Nh5 13. Ng6 Nxg3 14. hxg3 Re8 15. Nh4
Qg5 16. Na3 Ne7 17. Qe2 Kg7 18. Nc2 f5 19. exf5 Nxf5 20. Nxf5+ Bxf5 21. Ne3 c6
22. Nxf5+ Qxf5 23. Rab1 d5 24. Bb3 h5 25. Kh2 Rh8 26. Rbe1 Rae8 27. Bd1 Rhf8
28. d4 exd4 29. Qxe8 Rxe8 30. Rxe8 h4 31. Re7+ Kf6 32. Rxb7 Bd8 33. cxd4 hxg3+
34. fxg3 Qxf1 35. Bxg4 Kg5 0-1

[Event "19MCR_F"]
[Site "?"]
[Date "2007.??.??"]
[Round "?"]
[White "Firla, Stanislav"]
[Black "Hybl, Vladislav"]
[Result "1/2-1/2"]
[WhiteElo "2365"]
[BlackElo "2303"]
[PlyCount "94"]
[EventDate "2007.??.??"]
[EventType "corr"]
[EventRounds "1"]
[SourceDate "2007.03.26"]

1. e4 e5 2. Nf3 Nc6 3. Bb5 a6 4. Ba4 Nf6 5. O-O Be7 6. Re1 b5 7. Bb3 d6 8. c3
O-O 9. h3 Bb7 10. d4 Re8 11. a3 h6 12. Nbd2 Bf8 13. Bc2 Nb8 14. b4 Nbd7 15. Bb2
g6 16. Qb1 c5 17. a4 exd4 18. cxd4 cxb4 19. d5 Ne5 20. axb5 axb5 21. Re3 Rxa1
22. Bxa1 Qc7 23. Rb3 Rc8 24. Ne1 Bg7 25. Rxb4 Qa5 26. Bd4 Ba6 27. Bd3 Nfd7 28.
Bf1 Nc4 29. Bxg7 Kxg7 30. Nef3 Nf6 31. g4 Na3 32. Qb2 Rc2 33. Qb3 Rc1 34. Kg2
Nc2 35. Qb2 Ra1 36. Rb3 Ra2 37. Qb1 Nd4 38. Rb2 Ra1 39. Qd3 Nxf3 40. Nxf3 Qa4
41. Nd2 Nd7 42. Qc3+ Ne5 43. Qb4 Qxb4 44. Rxb4 Rd1 45. Nb1 Nd3 46. Bxd3 Rxd3
47. Rb2 Kf6 1/2-1/2

[Event "19MCR_F"]
[Site "?"]
[Date "2007.??.??"]
[Round "?"]
[White "Firla, Stanislav"]
[Black "Laurenc, Petr"]
[Result "1-0"]
[WhiteElo "2365"]
[BlackElo "2484"]
[PlyCount "151"]
[EventDate "2007.??.??"]
[EventType "corr"]
[EventRounds "1"]
[SourceDate "2007.03.26"]

1. e4 c5 2. Nf3 d6 3. d4 cxd4 4. Nxd4 Nf6 5. Nc3 a6 6. Be3 e5 7. Nb3 Be6 8. Qd2
Nbd7 9. f3 b5 10. O-O-O Be7 11. g4 b4 12. Nd5 Bxd5 13. exd5 Nb6 14. Qxb4 Nfxd5
15. Bxb6 Nxb6 16. f4 Qc7 17. Qe4 O-O 18. Bd3 g6 19. Kb1 a5 20. fxe5 dxe5 21. a4
Rac8 22. Bb5 f5 23. gxf5 gxf5 24. Qe2 Kh8 25. Nxa5 Bf6 26. Nc6 Ra8 27. Rhf1 Bg7
28. a5 Nc8 29. Rd5 Na7 30. Nxe5 Qxa5 31. Nc4 Qb4 32. Bd7 Rab8 33. Rf3 Qb7 34.
Qd1 Qb4 35. Qf1 Qb7 36. Rdxf5 Rxf5 37. Bxf5 Nb5 38. Rb3 Ra8 39. Bd3 Qa7 40. Na3
Rf8 41. Qh3 Nxa3+ 42. Rxa3 Qg1+ 43. Ka2 h6 44. c3 Qf2 45. Ra6 Qd2 46. Bc4 Rb8
47. Bb3 Rf8 48. Qg3 Qg5 49. Qd6 Qf4 50. Qg6 Qf2 51. Qh5 Qf4 52. h4 Rd8 53. Ra7
Qf2 54. Qa5 Qf8 55. Bd5 Be5 56. Ra8 Rxa8 57. Qxa8 Bb8 58. Qc6 Kg7 59. Qd7+ Kg6
60. Qe6+ Kh5 61. Qh3 Bg3 62. b4 Qf2+ 63. Kb3 Bxh4 64. Bf3+ Kg5 65. Qg4+ Kf6 66.
Qf4+ Kg7 67. c4 Bg5 68. Qc7+ Kf6 69. Bd5 Qe3+ 70. Ka4 Bf4 71. Qf7+ Kg5 72. c5
Qd4 73. Kb5 h5 74. c6 Bd6 75. Bc4 h4 76. Qd5+ 1-0

[Event "19MCR_F"]
[Site "?"]
[Date "2007.??.??"]
[Round "?"]
[White "Firla, Stanislav"]
[Black "Leiner, Raimund"]
[Result "1/2-1/2"]
[WhiteElo "2365"]
[BlackElo "2316"]
[PlyCount "82"]
[EventDate "2007.??.??"]
[EventType "corr"]
[EventRounds "1"]
[SourceDate "2007.03.26"]

1. c4 Nf6 2. Nf3 g6 3. Nc3 Bg7 4. e4 d6 5. d4 O-O 6. Be2 e5 7. O-O Nc6 8. d5
Ne7 9. Ne1 Nd7 10. Be3 f5 11. f3 f4 12. Bf2 g5 13. a4 a5 14. Nd3 b6 15. Be1 Nf6
16. Nf2 h5 17. h3 Nd7 18. Nb5 Nc5 19. Nd3 Na6 20. Kh2 Bd7 21. Bc3 Rf6 22. c5
Nxc5 23. Nxc5 bxc5 24. Qd2 Nc8 25. Bxa5 Nb6 26. b4 g4 27. bxc5 Rg6 28. fxg4
hxg4 29. hxg4 Qh4+ 30. Kg1 Rh6 31. Ra3 Qh2+ 32. Kf2 Bf6 33. Ke1 dxc5 34. d6
Bxb5 35. Bxb5 Bh4+ 36. Kd1 Rxd6 37. Rd3 Rxd3 38. Bxd3 Rd8 39. Kc1 Bg5 40. Bxb6
cxb6 41. Bc4+ Kg7 1/2-1/2

[Event "19MCR_F"]
[Site "?"]
[Date "2007.??.??"]
[Round "?"]
[White "Firla, Stanislav"]
[Black "Storkan, Zdenek"]
[Result "0-1"]
[WhiteElo "2365"]
[BlackElo "2298"]
[PlyCount "156"]
[EventDate "2007.??.??"]
[EventType "corr"]
[EventRounds "1"]
[SourceDate "2007.03.26"]

1. d4 Nf6 2. c4 c5 3. d5 e6 4. Nc3 exd5 5. cxd5 d6 6. Nf3 g6 7. Nd2 Bg7 8. e4
O-O 9. Be2 Re8 10. O-O Nbd7 11. a4 Ne5 12. a5 Bd7 13. Ndb1 c4 14. h3 Rc8 15.
Be3 b5 16. axb6 axb6 17. Na3 b5 18. Nc2 b4 19. Nxb4 Rb8 20. f4 Rxb4 21. fxe5
Rxe5 22. Bd4 Ne8 23. Qd2 Rg5 24. Bxg7 Kxg7 25. Rf2 Re5 26. Ra7 Nf6 27. Ra6 Bb5
28. Ra1 Be8 29. Raf1 Qb6 30. Qf4 Ng8 31. Kh2 h6 32. Qg3 h5 33. Rb1 Nf6 34. Rf4
Nd7 35. Rbf1 Qd4 36. Rd1 Qa7 37. Rdf1 Kg8 38. h4 Qc7 39. Rf5 Qd8 40. Rb1 Kh7
41. Rf4 Re7 42. Rbf1 Rxb2 43. Qg5 f6 44. Rxf6 Nxf6 45. Rxf6 Rc2 46. Bxh5 Rg7
47. Ne2 Qe7 48. Bg4 Qe5+ 49. Qxe5 dxe5 50. Ng1 Rf7 51. Ra6 Rf4 52. Bf3 Kg7 53.
Kg3 Bd7 54. Ne2 Rf6 55. Ra7 Rf7 56. Ra5 Be8 57. Rc5 Ra7 58. Ng1 Bd7 59. Be2 Kf6
60. Kh2 Raa2 61. Rxc4 Rxc4 62. Bxc4 Ra4 63. Bd3 Rd4 64. Bb1 Rd1 65. Bc2 Rd2 66.
Bb3 Rd4 67. Bc2 Ba4 68. Bxa4 Rxa4 69. Nf3 Rxe4 70. d6 Re2 71. Kg1 Re3 72. Kf2
Rd3 73. g4 Rxd6 74. Ng5 Rd4 75. Kf3 Rf4+ 76. Kg3 Rb4 77. Kf3 Rb3+ 78. Kg2 e4
0-1

[Event "19MCR_F"]
[Site "?"]
[Date "2007.??.??"]
[Round "?"]
[White "Firla, Stanislav"]
[Black "Sykora, Josef"]
[Result "0-1"]
[WhiteElo "2365"]
[BlackElo "2365"]
[PlyCount "22"]
[EventDate "2007.??.??"]
[EventType "corr"]
[EventRounds "1"]
[SourceDate "2007.03.26"]

1. e4 c5 2. Nf3 d6 3. d4 cxd4 4. Nxd4 Nf6 5. Nc3 a6 6. Be3 Ng4 7. Bg5 h6 8. Bh4
g5 9. Bg3 Bg7 10. Bc4 Nc6 11. h4 Nxd4 0-1

[Event "19MCR_F"]
[Site "?"]
[Date "2007.??.??"]
[Round "?"]
[White "Firla, Stanislav"]
[Black "Valak, Alois"]
[Result "1/2-1/2"]
[WhiteElo "2365"]
[BlackElo "2353"]
[PlyCount "108"]
[EventDate "2007.??.??"]
[EventType "corr"]
[EventRounds "1"]
[SourceDate "2007.03.26"]

1. e4 c5 2. c3 d5 3. exd5 Qxd5 4. d4 Nf6 5. Nf3 e6 6. Be3 Be7 7. dxc5 Qxd1+ 8.
Kxd1 O-O 9. Nbd2 a5 10. Nc4 Nbd7 11. Nb6 Nxb6 12. cxb6 Rd8+ 13. Kc2 Nd5 14. Be2
f6 15. Rad1 e5 16. Rxd5 Rxd5 17. Bc4 Bf5+ 18. Kc1 Be6 19. Bxd5 Bxd5 20. a3 Kf7
21. Rd1 Ke6 22. Nd2 g5 23. f3 h5 24. g3 g4 25. f4 a4 26. Rf1 Rc8 27. Kc2 Bc6
28. c4 Be8 29. fxe5 Bg6+ 30. Kd1 fxe5 31. Ke2 Rd8 32. Rc1 Bd3+ 33. Kf2 h4 34.
c5 hxg3+ 35. Kxg3 Bb5 36. Ne4 Kf5 37. Nd6+ Bxd6 38. cxd6 Rxd6 39. Rc5 Bc6 40.
Rc2 Rd3 41. Rc3 Ke4 42. Rxd3 Kxd3 43. Bc5 Bd7 44. Kf2 Kc2 45. Ke3 Bc6 46. Bd6
Kxb2 47. Kd3 Bd5 48. Bxe5+ Kxa3 49. Kd4 Be6 50. Kc3 Bd7 51. Bf4 Be8 52. Bc1+
Ka2 53. Bb2 Bb5 54. Bc1 Kb1 1/2-1/2

[Event "19MCR_F"]
[Site "?"]
[Date "2007.??.??"]
[Round "?"]
[White "Hladecek, Miloslav"]
[Black "Brousek, Jiri"]
[Result "1/2-1/2"]
[WhiteElo "2342"]
[BlackElo "2300"]
[PlyCount "91"]
[EventDate "2007.??.??"]
[EventType "corr"]
[EventRounds "1"]
[SourceDate "2007.03.26"]

1. e4 e6 2. d4 d5 3. Nc3 Nf6 4. e5 Nfd7 5. f4 c5 6. Nf3 Nc6 7. Be3 cxd4 8. Nxd4
Bc5 9. Qd2 O-O 10. O-O-O a6 11. Nb3 Bb4 12. Bd3 b5 13. a3 Be7 14. Na2 Nb6 15.
Qe2 Qc7 16. Kb1 Nc4 17. Bf2 b4 18. a4 Nd8 19. Qh5 g6 20. Qf3 Bb7 21. Qg3 Bc6
22. h4 Bxa4 23. h5 g5 24. Bxc4 Qxc4 25. Rd4 Qc7 26. Rxb4 Bb5 27. Nc3 Kh8 28.
Nxb5 axb5 29. Rxb5 Rg8 30. f5 Qc4 31. Bc5 Qxb5 32. Bxe7 h6 33. fxe6 fxe6 34.
Rc1 Kh7 35. Nd4 Qa6 36. Qd3+ Qxd3 37. cxd3 Nf7 38. Bf6 Rgc8 39. Rxc8 Rxc8 40.
b4 Rc3 41. Nxe6 Rxd3 42. Kc2 Rg3 43. Nc7 Rxg2+ 44. Kd3 Rf2 45. Nxd5 Rf1 46. Ne3
1/2-1/2